000 00887nam a2200241Ii 4500
003 JO-AjNU
008 230605s9999||||xx |||||||||||||| ||und||
017 _a93/5893
020 _a977-273-027-8
040 _aJO-AjNU
_bara
_erda
_cJO-AjNU
041 _aara
050 1 4 _aLB1570.M3322 1994
100 3 _aإبراهيم، محمود أبو زيد مؤلف/غانم، أسماء محمود م.مشارك,
_eauthor
_934891
245 0 0 _aالمناهج الدراسية تخطيطها وتطويرها
250 _aط1
264 3 1 _aالإسكندرية:دار المعرفة الجامعية،1993
300 _a305ص
336 _atext
_btxt
_2rdacontent
337 _aunmediated
_bn
_2rdamedia
338 _avolume
_bnc
_2rdacarrier
490 0 _aالمكتبة التربوية
650 4 _aالتعليم-مناهج-تخطيط. التعليم-مناهج-تطوير
_934892
999 _aA14350
_c17918
_d17918